Transgenesis

Saved in:
Bibliographic Details
Format: Book
Language:English
Tags: Add Tag
No Tags, Be the first to tag this record!
Call Number :

MARC

LEADER 00000nam a2200000 a 4500
001 101015
003 MY-KLNDU
005 20241220035620.0
008 161221 000 0 eng d
020 |a 9789673693245 
039 9 |y 201612211659  |z hasniza 
245 1 |a Transgenesis 
999 |a vtls000058274  |c 101015  |d 101015